Star Wars-Mustafar Dialogue - Statistiques

Statistiques générales
  • Ce quiz a été pris 126 fois
  • Le résultat moyen est 64 sur 129
Statistiques - réponses
Hint Réponse % Correct
A
84%
I
84%
Anakin | Obi-Wan You
82%
You.
82%
Me.
71%
Me
71%
The
71%
To
70%
Do
66%
Do.
66%
My
66%
Not
64%
New
63%
Obi-Wan Your
63%
Are
61%
Empire.
61%
Have
57%
Will
57%
And
55%
Anakin If
55%
Peace
55%
Republic
55%
With
55%
Anakin Don't
54%
Her
54%
Security
54%
Obi-Wan Anakin
52%
Is
52%
Sith
52%
Try.
52%
Freedom
50%
Obi-Wan Only
50%
Then
50%
What
50%
Against
48%
Enemy
48%
Brought
46%
Justice
46%
Kill
46%
Must
45%
Democracy.
43%
Power
41%
Turned
39%
Deals
38%
That
38%
That.
38%
Make
36%
Done
34%
For
34%
From
32%
In
32%
Take
32%
Yourself.
32%
Absolutes.
30%
Allegiance
30%
Jedi.
30%
Already
25%
Dark
25%
Anger
23%
Side
21%
As
20%
Destroy.
18%
Fear
18%
Become
16%
Obi-Wan.
16%
Of
16%
See
16%
This
16%
Lord
14%
Swore
14%
Lies
13%
Lust
11%
Mind
9%
Now.
9%
Now
9%
Through
9%
Lecture
7%
Thing
7%
Very
7%
Allowed
5%
Twist
5%
Until
5%
Aucun quiz correspondant
Distribution des résultats
% des personnes avec chaque résultat
Percentile par nombre de réponses
Votre historique - résultats
Vous n’avez pas pris ce quiz